Hormigas de Colombia IV: nuevos registros de géneros y especies (Registro nro. 10873)

Detalles MARC
000 -CABECERA
Campo de control 005890000a22001930004500
090 ## - CLASIFICACIÓN LOCAL
Colección AR
Consecutivo 01796
041 0# - IDIOMA
Código de idioma para texto/pista de sonido o título separado
100 1# - ASIENTO PRINCIPAL--NOMBRE PERSONAL
Nombre personal Fernández Castiblanco, Fernando
245 10 - MENCION DE TITULO
Título Hormigas de Colombia IV: nuevos registros de géneros y especies
500 ## - NOTA GENERAL
Nota general CID tiene revista original
650 14 - ASIENTO SECUNDARIO DE MATERIA - TERMINO TEMATICO
Término temático o nombre geográfico como elemento de entrada Taxonomía animal
650 14 - ASIENTO SECUNDARIO DE MATERIA - TERMINO TEMATICO
Término temático o nombre geográfico como elemento de entrada sistemática animal
650 14 - ASIENTO SECUNDARIO DE MATERIA - TERMINO TEMATICO
Término temático o nombre geográfico como elemento de entrada Entomología
650 14 - ASIENTO SECUNDARIO DE MATERIA - TERMINO TEMATICO
Término temático o nombre geográfico como elemento de entrada Hormigas
651 #4 - ASIENTO SECUNDARIO DE MATERIA - NOMBRE GEOGRAFICO
-- Colombia
700 1# - ASIENTO SECUNDARIO - NOMBRE PERSONAL
Nombre personal Palacio, Edgard E.
773 1# - Item fuente:
Título Caldasia
Especificación de materiales 45
Descripción física 82-85
Paginas del Articulo 587-596
Lugar, editorial y fecha de publicación 1995
Información sobre la relación 17
942 ## - ELEMENTOS ADICIONALES (KOHA)
Tipo de ítem Artículo
Existencias
Withdrawn status Lost status Damaged status No para préstamo Colección Ubicación Permanente Ubicación actual Fecha de adquisición Datos de publicación Seriada Total Checkouts Número topográfico Inventario / Código de Barras Date last seen Ejemplar Price effective from Forma de adquisición Tipo de material
      No para Préstamo Hemeroteca Bogotá Bogotá 27/02/2015 Fuera de circulación   AR 01796 012158 25/03/2015 1 25/03/2015   Artículo